LEADER 01127nam0-22003371i-450- 001 990006558500403321 005 20051118115847.0 035 $a000655850 035 $aFED01000655850 035 $a(Aleph)000655850FED01 035 $a000655850 100 $a20010426d--------km-y0itay50------ba 101 0 $aita 105 $ay-------001yy 200 1 $aImpero Ottomano e Reggenza di Tunisi$econ inventario di documenti su Tunisi (1840-1860) conservati presso l'Archivio di Stato di Napoli$fRaffaele della Vecchia 210 $aNapoli$cs.e.$d1991 (Centro Stampa Litografico) 215 $a230 p.$d24 cm 225 1 $aFonti e studi italiani per la storia dell'Africa$v5 610 0 $aTUNISIA$aSec. 16.-19. 676 $a961.103$v21$zita 700 1$aDella Vecchia,$bRaffaele$0246328 801 0$aIT$bUNINA$gRICA$2UNIMARC 901 $aBK 912 $a990006558500403321 952 $aCOLLEZ. 1440 (5)$b13775$fFSPBC 952 $aXIV E 3631$b17848$fFSPBC 952 $a961.103 DEL 1$bBibl. 13787$fFLFBC 959 $aFSPBC 959 $aFLFBC 996 $aImpero Ottomano e Reggenza di Tunisi$9618512 997 $aUNINA LEADER 00998nam0-22003011i-450 001 990001775480403321 005 20190529131421.0 035 $a000177548 035 $aFED01000177548 035 $a(Aleph)000177548FED01 035 $a000177548 100 $a20021010d1973----km-y0itay50------ba 101 0 $aita 200 1 $aAspetti generali dell' applicazione della organizzazione scientifica del lavoro alla meccanizzazione agricola$fGiuseppePellizzi. 210 $aBologna$c...$d1973. 215 $ap. 27-33 25 cm 300 $aEstr. da: Genio rurale, 1973, n. 5. 610 0 $aMeccanizzazione agricola 676 $a631.3 700 1$aPellizzi,$bGiuseppe$f<1928- >$023306 801 0$aIT$bUNINA$gRICA$2UNIMARC 901 $aLG 912 $a990001775480403321 952 $a60 OP. 98/10$b45832$fFAGBC 959 $aFAGBC 996 $aAspetti generali dell' applicazione della organizzazione scientifica del lavoro alla meccanizzazione agricola$9408790 997 $aUNINA DB $aING01 LEADER 01460nam 2200397 a 450 001 9910692043603321 005 20030917145707.0 035 $a(CKB)5470000002350989 035 $a(OCoLC)53041752 035 9 $aocm53041752 035 $a(OCoLC)995470000002350989 035 $a(EXLCZ)995470000002350989 100 $a20030917d2003 ua 0 101 0 $aeng 135 $aurmn|||||| 181 $ctxt$2rdacontent 182 $cc$2rdamedia 183 $acr$2rdacarrier 200 10$aAviation safety$b[electronic resource] $eFAA needs to update the curriculum and certification requirements for aviation mechanics 210 1$a[Washington, D.C.] :$cU.S. General Accounting Office,$d[2003] 300 $aTitle from title screen (viewed on July 14, 2003). 300 $a"March 2003." 300 $aPaper version available from: General Accounting Office, 441 G St., NW, Rm. LM, Washington, D.C. 20548. 300 $a"GAO-03-317." 320 $aIncludes bibliographical references. 517 $aAviation safety 606 $aAviation mechanics (Persons)$xCertification$zUnited States 606 $aAirplanes$xMaintenance and repair$xStudy and teaching$zUnited States 615 0$aAviation mechanics (Persons)$xCertification 615 0$aAirplanes$xMaintenance and repair$xStudy and teaching 801 0$bGPO 801 1$bGPO 906 $aBOOK 912 $a9910692043603321 996 $aAviation safety$92313029 997 $aUNINA